<?xml version="1.0" encoding="UTF-8"?>
<record
    xmlns:xsi="http://www.w3.org/2001/XMLSchema-instance"
    xsi:schemaLocation="http://www.loc.gov/MARC21/slim http://www.loc.gov/standards/marcxml/schema/MARC21slim.xsd"
    xmlns="http://www.loc.gov/MARC21/slim">

  <leader>00419nam a22001577a 4500</leader>
  <controlfield tag="005">20250426112924.0</controlfield>
  <controlfield tag="008">250426b        |||||||| |||| 00| 0 eng d</controlfield>
  <datafield tag="020" ind1=" " ind2=" ">
    <subfield code="a">8178080184</subfield>
  </datafield>
  <datafield tag="082" ind1=" " ind2=" ">
    <subfield code="a">KBJP-D-155</subfield>
  </datafield>
  <datafield tag="100" ind1=" " ind2=" ">
    <subfield code="a">Horstmann, C. Cornell, G.</subfield>
    <subfield code="9">211942</subfield>
  </datafield>
  <datafield tag="245" ind1=" " ind2=" ">
    <subfield code="a">Core Java</subfield>
    <subfield code="b">Volume II Advanced Features</subfield>
  </datafield>
  <datafield tag="260" ind1=" " ind2=" ">
    <subfield code="a">Delhi</subfield>
    <subfield code="b">Sun Microsystems</subfield>
    <subfield code="c">1999</subfield>
  </datafield>
  <datafield tag="300" ind1=" " ind2=" ">
    <subfield code="a">920</subfield>
  </datafield>
  <datafield tag="440" ind1=" " ind2=" ">
    <subfield code="a">Java Series</subfield>
    <subfield code="9">211325</subfield>
  </datafield>
  <datafield tag="942" ind1=" " ind2=" ">
    <subfield code="c">BK</subfield>
  </datafield>
  <datafield tag="999" ind1=" " ind2=" ">
    <subfield code="c">365980</subfield>
    <subfield code="d">365980</subfield>
  </datafield>
  <datafield tag="952" ind1=" " ind2=" ">
    <subfield code="0">0</subfield>
    <subfield code="1">0</subfield>
    <subfield code="2">ddc</subfield>
    <subfield code="4">0</subfield>
    <subfield code="7">0</subfield>
    <subfield code="a">001</subfield>
    <subfield code="b">001</subfield>
    <subfield code="d">2025-04-26</subfield>
    <subfield code="l">0</subfield>
    <subfield code="o">KBJP-D-155</subfield>
    <subfield code="p">KBJP-D-155</subfield>
    <subfield code="r">2025-04-26 00:00:00</subfield>
    <subfield code="w">2025-04-26</subfield>
    <subfield code="y">BK</subfield>
    <subfield code="z">D155</subfield>
  </datafield>
  <datafield tag="952" ind1=" " ind2=" ">
    <subfield code="0">0</subfield>
    <subfield code="1">0</subfield>
    <subfield code="2">ddc</subfield>
    <subfield code="4">0</subfield>
    <subfield code="7">0</subfield>
    <subfield code="a">001</subfield>
    <subfield code="b">001</subfield>
    <subfield code="d">2025-05-09</subfield>
    <subfield code="l">0</subfield>
    <subfield code="o">KBJP-D-276</subfield>
    <subfield code="p">KBJP-D-276</subfield>
    <subfield code="r">2025-05-09 00:00:00</subfield>
    <subfield code="w">2025-05-09</subfield>
    <subfield code="y">BK</subfield>
    <subfield code="z">D276</subfield>
  </datafield>
</record>
